[Event "Kouty nad Desnou op-B"]
[Site "Kouty nad Desnou"]
[Date "2017.03.18"]
[Round "9"]
[White "Bierska, Adela"]
[Black "Volanin, Jaromir"]
[Result "1-0"]
[WhiteElo "1624"]
[BlackElo "1704"]
[PlyCount "35"]
[EventDate "2017.03.11"]
[EventType "swiss"]
[EventRounds "9"]
[EventCountry "CZE"]
[SourceTitle "CBM 177 Extra"]
[Source "ChessBase"]
[SourceDate "2017.04.27"]
[SourceVersion "1"]
[SourceVersionDate "2017.04.27"]
[SourceQuality "1"]

1. e4 c5 2. d4 cxd4 3. c3 dxc3 4. Nxc3 d6 5. Nf3 Bg4 6. Bc4 e6 7. Qa4+ Nc6 8. Nd4 Qd7 9. Nxc6 bxc6 10. Be3 Nf6 11. f3 Bh5 12. Rd1 e5 13. Nd5 Nxd5 14. exd5 Be7 15. dxc6 Qc7 16. 0-0 0-0 17. Ba6 f5 18. Bb7 1-0

[Event "Kouty nad Desnou op-B"]
[Site "Kouty nad Desnou"]
[Date "2014.03.14"]
[Round "8"]
[White "Volanin, Jaromir"]
[Black "Havelka, Jiri"]
[Result "1-0"]
[WhiteElo "1703"]
[BlackElo "1528"]
[PlyCount "85"]
[EventDate "2014.03.08"]
[EventType "swiss"]
[EventRounds "9"]
[EventCountry "CZE"]
[SourceTitle "EXT 2015"]
[Source "ChessBase"]
[SourceDate "2014.11.20"]
[SourceVersion "1"]
[SourceVersionDate "2014.11.20"]
[SourceQuality "1"]

1. Nf3 d5 2. d4 e6 3. e3 c6 4. Bd3 f5 5. Ne5 Bd6 6. Qh5+ g6 7. Nxg6 Nf6 8. Qh3 Rg8 9. Ne5 Nbd7 10. f4 Nf8 11. Nd2 Bd7 12. Ndf3 Qc7 13. Bd2 0-0-0 14. Nf7 Re8 15. Nxd6+ Qxd6 16. Ne5 Re7 17. 0-0-0 Ne4 18. Bxe4 fxe4 19. g4 Ng6 20. Nxd7 Rxd7 21. Qh5 Rdg7 22. h3 Qf8 23. Rdf1 Ne7 24. Bb4 Qf7 25. Qxf7 Rxf7 26. Bxe7 Rxe7 27. f5 Rf8 28. f6 Ref7 29. g5 Rg8 30. h4 Rg6 31. Rhg1 h5 32. b3 Kd7 33. c4 Ke8 34. c5 Kd7 35. b4 a6 36. a4 Kc7 37. Kd2 Kd8 38. Rb1 Kc7 39. Rgc1 Rg8 40. b5 a5 41. bxc6 bxc6 42. Rb6 Ra8 43. Rcb1 1-0

[Event "Kouty nad Desnou op-B"]
[Site "Kouty nad Desnou"]
[Date "2014.03.13"]
[Round "7"]
[White "Kocandova, Martina"]
[Black "Volanin, Jaromir"]
[Result "1-0"]
[WhiteElo "1809"]
[BlackElo "1703"]
[PlyCount "43"]
[EventDate "2014.03.08"]
[EventType "swiss"]
[EventRounds "9"]
[EventCountry "CZE"]
[SourceTitle "EXT 2015"]
[Source "ChessBase"]
[SourceDate "2014.11.20"]
[SourceVersion "1"]
[SourceVersionDate "2014.11.20"]
[SourceQuality "1"]

1. e4 d6 2. d4 Nf6 3. Nc3 g6 4. Nf3 Bg7 5. Be2 0-0 6. Bg5 c6 7. Qd2 Qc7 8. Bh6 Nbd7 9. h4 b5 10. a3 a5 11. h5 b4 12. axb4 Bb7 13. b5 c5 14. d5 Ne5 15. Nxe5 dxe5 16. Bxg7 Kxg7 17. hxg6 fxg6 18. Qh6+ Kf7 19. g4 Rh8 20. g5 Nd7 21. Rh3 Kg8 22. Bg4 1-0

[Event "Kouty nad Desnou op-B"]
[Site "Kouty nad Desnou"]
[Date "2014.03.08"]
[Round "1"]
[White "Novotny, Ondrej"]
[Black "Volanin, Jaromir"]
[Result "1-0"]
[WhiteElo "1317"]
[BlackElo "1703"]
[PlyCount "33"]
[EventDate "2014.03.08"]
[EventType "swiss"]
[EventRounds "9"]
[EventCountry "CZE"]
[SourceTitle "EXT 2015"]
[Source "ChessBase"]
[SourceDate "2014.11.20"]
[SourceVersion "1"]
[SourceVersionDate "2014.11.20"]
[SourceQuality "1"]

1. e4 c5 2. Nc3 Nc6 3. Bc4 a6 4. Nf3 g6 5. d4 cxd4 6. Nxd4 Bg7 7. Qf3 e6 8. Nxc6 bxc6 9. Bf4 d5 10. Rd1 Qe7 11. exd5 cxd5 12. 0-0 Bb7 13. Bb3 0-0-0 14. Na4 Qb4 15. c3 Qb5 16. Qe3 Bc6 17. Qa7 1-0